| Tag |
First Indicator |
Second Indicator |
Subfields |
| LEADER |
00000cam a2200000Ii 4500 |
| 001 |
in00004162000 |
| 008 |
190117s2020 enka b 001 0 eng d |
| 005 |
20250318222418.4 |
| 010 |
|
|
|a 2019458752
|
| 020 |
|
|
|a 9781851779727
|
| 020 |
|
|
|a 1851779728
|q (hardback)
|
| 035 |
|
|
|a (OCoLC)on1082351421
|
| 035 |
|
|
|a (OCoLC)1082351421
|
| 040 |
|
|
|a YDX
|b eng
|e rda
|c YDX
|d BDX
|d ERASA
|d UAB
|d OCLCF
|d AVA
|d DLC
|
| 050 |
|
4 |
|a N1150
|b .L58 2019
|
| 082 |
0 |
4 |
|a 708.2/134
|2 23
|
| 245 |
0 |
4 |
|a The lives of the objects :
|b collecting design / edited by Tristram Hunt.
|
| 264 |
|
1 |
|a London :
|b V&A Publishing,
|c 2020.
|
| 300 |
|
|
|a 272 pages :
|b illustrations (some color) ;
|c 23 cm
|
| 336 |
|
|
|a text
|b txt
|2 rdacontent
|
| 337 |
|
|
|a unmediated
|b n
|2 rdamedia
|
| 338 |
|
|
|a volume
|b nc
|2 rdacarrier
|
| 500 |
|
|
|a "First published by V&A Publishing, 2020" -- title page verso.
|
| 500 |
|
|
|a Design by BLOK.
|
| 500 |
|
|
|a Copy-editor: Faye Robson.
|
| 500 |
|
|
|a Proofreader: Linda Schofield.
|
| 500 |
|
|
|a Origination: Altaimage, London.
|
| 500 |
|
|
|a Index: Hilary Bird.
|
| 504 |
|
|
|a Includes bibliographical notes (pages 254-266) and index.
|
| 520 |
|
|
|a "Here, ten world-renowned curators from the Victoria and Albert Museum in London tell the story of ten of the most famous and curious objects acquired by the museum over its history. Among these are "Tipu's Tiger," an almost life-size wooden mechanical toy of a tiger mauling a European soldier; the "Great Bed of Ware," a 10 1/2-foot-wide Elizabethan bed; and a "Shakespeare First Folio," one of the few survivors of an estimated 750 that were originally printed. Learn too about collection building and how careful curation and fortuitous optimism drive and change museum priorities over time."-- Provided by publisher.
|
| 610 |
2 |
0 |
|a Victoria and Albert Museum.
|
| 610 |
2 |
7 |
|a Victoria and Albert Museum.
|2 fast
|0 (OCoLC)fst00533956
|
| 650 |
|
0 |
|a Art objects
|x History.
|
| 650 |
|
0 |
|a Antiques.
|
| 650 |
|
7 |
|a Antiques.
|2 fast
|0 (OCoLC)fst00810720
|
| 650 |
|
7 |
|a Art objects.
|2 fast
|0 (OCoLC)fst00815674
|
| 655 |
|
7 |
|a History.
|2 fast
|0 (OCoLC)fst01411628
|
| 700 |
1 |
|
|a Hunt, Tristram,
|d 1974-
|e editor.
|
| 700 |
1 |
|
|a Bird, Hilary,
|e indexer.
|
| 700 |
1 |
|
|a Schofield, Linda.
|
| 700 |
1 |
|
|a Robson, Faye.
|
| 710 |
2 |
|
|a Victoria and Albert Museum.
|
| 710 |
2 |
|
|a V&A Publishing.
|
| 852 |
8 |
|
|b pda,print
|z This title is available for the library to purchase for your use. Click the "Purchase It For Me" button to place a request. This item may take 5-10 business days to arrive.
|
| 955 |
|
|
|a Print PDA title
|
| 961 |
|
|
|m 565730
|
| 999 |
f |
f |
|s 018c1faf-4b05-48de-aa1e-fd0440df7545
|i ee8dff52-66fe-304d-b3c1-ec961e11e007
|t 0
|
| 952 |
f |
f |
|a Texas A&M University
|b College Station
|c Sterling C. Evans Library
|d Purchase on Demand
|t 0
|e N1150 .L58 2019
|h Library of Congress classification
|
| 998 |
f |
f |
|a N1150 .L58 2019
|t 0
|l Purchase on Demand
|